| 000 | 00558nam a2200205 i 4500 | ||
|---|---|---|---|
| 001 | 14762 | ||
| 003 | ES-MaACL | ||
| 005 | 20250905063037.0 | ||
| 007 | t| | ||
| 008 | 990601s1971 sp ||||1| spa d | ||
| 080 | _a946.011 | ||
| 100 | 1 |
_aRisco, Vicente, _d1884-1963 _997461 |
|
| 245 | 1 | 0 |
_aManual de historia de Galicia / _cVicente Risco. |
| 250 | _a2ยช ed. | ||
| 260 |
_aVigo : _bGalaxia, _c1971. |
||
| 300 |
_a265 p. ; _c18 cm. |
||
| 651 | 4 |
_aGalicia- _xHistoria. _98728 |
|
| 852 |
_aES-MaACL _jL-21982 _bR.116395 |
||
| 999 |
_c14762 _d14762 |
||